000 00595 a2200121 4500
020 _a0784408165
082 _a624.171 ELL
245 _aStructural safety and its quality assurance /
_csponsored by Committee 9A/10 of the Council on Tall Buildings and Urban Habitat (CTBUH) [and] the Structural Engineering Institute of the American Society of Civil Engineers ; edited by Bruce R. Ellingwood, Jun Kanda.
260 _aReston, Va. :
_bAmerican Society of Civil Engineers,
_c2005.
300 _avii, 200 p. :
_bill. ;
_c22 cm.
650 _aStructural stability.
650 _aTall buildings.
650 _aReliability (Engineering)
999 _c1236
_d1236